| 000 | 00893nam a22002657a 4500 | ||
|---|---|---|---|
| 001 | 6681 | ||
| 003 | FISKH | ||
| 005 | 20250520160144.0 | ||
| 008 | 250519b cb ||||| |||| 00| 0 eng d | ||
| 020 | _a9780194646338 | ||
| 040 |
_aFISKH _beng _cFISKH _dFISKH |
||
| 050 | _aPZ7 | ||
| 082 | _a428.6 | ||
| 100 | _aBladon, Rachel | ||
| 245 |
_aYoung animals / _cRachel Bladon |
||
| 260 |
_aUnited Kingdom : _bOxford University Press, _c2012. |
||
| 300 |
_a31 pages : _bcolor illustrations ; _c21 cm |
||
| 505 | _aL | ||
| 520 | _aThis exciting new series of non-fiction readers provides interesting and educational content, with activities and project work. The readers are graded at four levels, from 3 to 6, suitable for students from age 8 and older. | ||
| 521 | 8 |
_a520
_bLexile |
|
| 521 | 8 |
_aL
_bRaz-Plus |
|
| 650 |
_aAnimal _vYoung |
||
| 942 |
_2ddc _cBK _n0 |
||
| 999 |
_c6681 _d6681 |
||